| 000 | 00696cam a2200217 4500 | ||
|---|---|---|---|
| 001 | WB3547-07 | ||
| 008 | 000000n1999 000 0 eng u | ||
| 035 | _a(Sirsi) u102890 | ||
| 245 | _aValue in a blended approach | ||
| 260 | _c1999 | ||
| 490 |
_aFinancial Times _v 26 November 1999, 28(2) |
||
| 520 | _aJP Morgan in a research report uses three valuation approaches to compare property companies across Europe. Graph. | ||
| 590 | _aWB | ||
| 650 | _aPROPERTY INVESTMENT | ||
| 650 | _aSHARES | ||
| 650 | _aEUROPE | ||
| 650 | _aVALUATION METHODOLOGY | ||
| 650 | _aPROPERTY COMPANIES | ||
| 690 | _aPROPERTY-COMMERCIAL PROPERTY-COMMERCIAL PROPERTY FINANCE AND INVESTMENT | ||
| 942 | _n0 | ||
| 999 |
_c61844 _d61844 |
||